01277nam a2200253 i 4500001000300000100002200003245011200025260007000137300002800207490012000235500015500355500001900510504002600529650005400555650005400609650003400663650004500697830010300742040000800845041001300853080001800866008004100884856009800925bg1 aGRABAS, Kazimierz10aZagrożenia środowiska na terenach poeksploatacyjnych rud uranu oraz ich likwidacja /cKazimierz Grabas. aWrocław :bOficyna Wydawnicza Politechniki Wrocławskiej,c2006. a286 s. :bil. ;c24 cm.1 aPrace Naukowe Instytutu Inżynierii Ochrony Środowiska Politechniki Wrocławskiej.. Monografie,x0084-2869 ;v46 aTyt. równol.: "The environmental hazards caused by closed down mines of uranium ores and the way of minizing these hazards". Nr. serii gł.: no. 79. aStreszcz. ang. aBibliogr. s. 254-272. 9aUranagórnictwoxwpływ na środowiskozPolska 9aOdpady górniczexwpływ na środowiskozPolska 9aOdpady górniczexgospodarka 9aŚcieki przemysłowexunieszkodliwianie 0aPrace Naukowe Instytutu Inżynierii Ochrony Środowiska Politechniki Wrocławskiej..pMonografie cBPK0 apolbeng a628.5:622:546 s pl f |000 0 pol  uhttp://koha.tu.koszalin.pl/cgi-bin/koha/opac-detail.pl?biblionumber=52685yKatalog online BPK